| 000 | 02732cam a2200313 i 4500 | ||
|---|---|---|---|
| 999 |
_c30704 _d30704 |
||
| 001 | 19689979 | ||
| 005 | 20201006144742.0 | ||
| 008 | 170605s2017 enk b 001 0 eng d | ||
| 010 | _a 2016590321 | ||
| 020 | _a9781847011626 (hardcover : acidfree paper) | ||
| 020 | _a1847011624 (hardcover : acidfree paper) | ||
| 020 | _a9781847011633 (softcover : acidfree paper) | ||
| 020 | _a1847011632 (softcover : acidfree paper) | ||
| 035 | _a(OCoLC)ocn984522518 | ||
| 040 |
_aYDX _beng _cYDX _erda _dOCLCO _dBTCTA _dUKUOY _dOCLCF _dNDD _dDLC |
||
| 042 | _alccopycat | ||
| 050 | 0 | 0 | _aPR9387.9.A34354Z56 2017 |
| 245 | 0 | 2 |
_aA companion to Chimamanda Ngozi Adichie / _cedited by Ernest N. Emenyonu. |
| 300 |
_axii, 300 pages ; _c25 cm |
||
| 504 | _aIncludes bibliographical references (pages 259-261) and index. | ||
| 520 | 8 | _aEasily the leading and most engaging voice of her era and generation, Chimamanda Ngozi Adichie has bridged gaps, introduced new motifs and narrative varieties which have energized contemporary African fiction since her first novel, Purple Hibiscus (2003). With Half of a Yellow Sun (2007) and The Thing Around Your Neck - Short Stories (2009), she established herself as a preeminent story-teller. Americanah (2013), with ingenuous craftsmanship addresses the sensitive themes of passionate love, independence, freedom and moral responsibility with extravagant and versatile narrative innovations. Through her writings, she has made herself relevant to people of all ages - across racial and linguistic boundaries. Her talks, blogs, musings on social media, essays and commentaries, workshop-mentoring for budding young writers, lecture circuit discourses, all enrich her imaginative creativity as they expand and define her mission as a writer. "We Should All be Feminists" she proclaimed in an essay, giving feminism a "tweak and twist" and suggesting new outlooks in literary theory.0Her contributions to African, Diasporic and World literatures deserve serious analyses, commentaries and interpretations, and this Companion to her work critically examines her creative outputs from her art and ideology, from feminism to war, to matters of myth and perception, and the challenges of multicultural existence and complex human identities. | |
| 600 | 1 | 0 |
_aAdichie, Chimamanda Ngozi, _d1977- _xCriticism and interpretation. |
| 600 | 1 | 7 |
_aAdichie, Chimamanda Ngozi, _d1977- _2fast |
| 655 | 7 |
_aCriticism, interpretation, etc. _2fast |
|
| 700 | 1 |
_aEmenyo̲nu, Ernest, _d1939- _eeditor. |
|
| 906 |
_a7 _bcbc _ccopycat _d2 _encip _f20 _gy-gencatlg |
||
| 942 |
_2lcc _cAFRICANA _hPR9387.9.A34354Z56 2017 |
||